| 000 | 00400nam a22001577a 4500 | ||
|---|---|---|---|
| 003 | SGT | ||
| 020 | _a97881386217967 | ||
| 082 | _a616.89.75,APA | ||
| 100 | _aAPA (AMERICAN PYCHIATRIC ASSOCIATION | ||
| 245 | _aDIGANOSTIC AND STATISTICAL MANUAL OF MENTAL DISORDERS | ||
| 250 | _a5TH ED. | ||
| 260 |
_aNEW DELHI _bCBS PUBLISHERS |
||
| 300 | _a947 | ||
| 650 | _aPSYCHOLOGY | ||
| 942 |
_2ddc _cBK _038 |
||
| 999 |
_c22909 _d22909 |
||